000 01168nam a2200289 a 4500
001 000013901
005 20200929163406.0
008 091201r20002000dr 001 m spa d
020 _a8420636444
040 _aDO-SdBNP
_bspa
_cBNPHU
041 1 7 _aspa
_hita
_2Código de idioma MARC
082 _a871.1
_bO96m, 2000
100 1 _aOvidio,
_q(Publio Ovidio Nasón)
_d43 a.C.-17 d.C.
_931495
240 1 0 _aP. Ovidio nasonis metamorphoseon libri xv.
_lEspañol
245 1 0 _aMetamorfosis /
_cOvidio ; introducción y notas de Antonio Ramírez de Verger ; traducción de Antonio Ramírez de Verger y Fernando Navarro Antolín.
260 _aMadrid :
_bAlianza,
_c2000.
300 _a612, [3] p. ;
_c18 cm.
490 1 _aClásicos de Grecia y Roma
_vBT 8202
534 _aTítulo original en italiano:
_tP. Ovidio nasonis metamorphoseon libri xv
500 _a2a reimpresión de la 1a edición del 1998
650 4 _aPoesía latina
_931496
650 4 _aLiteratura latina
_93147
700 1 _aRamírez de Verger, Antonio,
_eintr.
_931497
700 1 _aNavarro Antolín, Fernando,
_etr.
_915244
830 0 _aClásicos de Grecia y Roma ;
_vBT 8202
_931498
049 _aBNGR
999 _c13506
_d13506